Programa de Investigación. Política, estado y actores políticos en Costa Rica

Guardado en:
Bibliografiske detaljer
Institution som forfatter: Universidad de Costa Rica. Facultad de Ciencias Sociales. Instituto de Investigaciones Sociales
Format: Texto
Udgivet: San José: IIS
Fag:
Tags: Tilføj Tag
Ingen Tags, Vær først til at tagge denne postø!

MARC

LEADER 00000 a a2200000 04500
001 28074
003
040
090 |a 189600  
110 |a Universidad de Costa Rica. Facultad de Ciencias Sociales. Instituto de Investigaciones Sociales  
245 |a Programa de Investigación. Política, estado y actores políticos en Costa Rica  
260 |a San José:   |b IIS  
300 |a 20 p  
650 |a PROGRAMAS DE INVESTIGACION  
650 |a ESTILOS DE DESARROLLO  
999 |c 8770  |d 8770